| 000 | 00727nam a2200265Ia 4500 | ||
|---|---|---|---|
| 001 | 49030 | ||
| 005 | 20240114003934.0 | ||
| 007 | ta | ||
| 008 | 090522s2002 g b000 u Ass u | ||
| 020 | _cRs. 1000.00 (Hard) | ||
| 040 | _aCotton College,Assam | ||
| 041 | _aAss | ||
| 082 |
_a039 _bGo 699 Bi |
||
| 100 | _aGoswami, Dinesh Chandra . | ||
| 245 | 0 |
_aBiswakosh (Part: 1) / _cDinesh Chandra Goswami. _hTextual Documents |
|
| 250 | _a1st ed. / | ||
| 260 |
_aJorhat : _bAssam Sahitya Sabha , _c2002. |
||
| 300 |
_a2150p. ; _c32 cm.. |
||
| 365 | _aRs. 1000.00 | ||
| 653 | _aG-Encyclopedias | ||
| 653 | _aEncyclopedia-Asssamese | ||
| 942 |
_2ddc _cBK |
||
| 999 |
_c48995 _d48995 |
||